Normal view
MARC view
- AKRAM, FATIMA
Entry Personal Name
001 - CONTROL NUMBER
- control field: 120174
003 - CONTROL NUMBER IDENTIFIER
- control field: NUST
005 - DATE AND TIME OF LATEST TRANSACTION
- control field: 20240131094752.0
008 - FIXED-LENGTH DATA ELEMENTS
- fixed length control field: 240131|| aca||aabn | a|a d
040 ## - CATALOGING SOURCE
- Original cataloging agency: NUST
- Transcribing agency: NUST
100 ## - HEADING--PERSONAL NAME
- Personal name: AKRAM, FATIMA
670 ## - SOURCE DATA FOUND
- Source citation: Work cat.: (NUST): AKRAM, FATIMA, Voice Unheard: A Qualitative Inquiry into the Psychological Impact of Child Marriages on Women in Rural Areas Surrounding Islamabad/
